000 01067nam a2200265 i 4500
001 76978
003 ES-MaACL
005 20250727121203.0
007 t|
008 041006q1906 fr f ||||1| fre d
100 1 _aGusman, Pierre.
_961019
245 1 0 _aPompei :
_bla ville, les moeurs, les arts /
_cPierre Gusman ; préface de M. Max. Collignon ; ouvragre... orné de 600 dessins dans le texte et de 32 aquarelles de l'auteur.
250 _aNouvelle éd. entièrement rev. et complétée.
260 _aParis :
_bEmile Gaillard,
_c1906.
300 _a458 p., XII lám. col. :
_bil. ;
_c33 cm.
504 _aBibliografía: [449]-450.
530 _aDisponible en formato digital.
651 4 _aPompeya (Ciudad desaparecida)
_9149648
651 4 _aPompeya (Ciudad desaparecida)-
_xUsos y costumbres.
_9173242
700 1 _aCollignon, Maxime.
_939712
852 _aES-MaACL
_jB-2152
_cSPB
_zRevisado enlace: 27 de julio de 2025
856 4 _uhttps://archive.org/details/pompeielaregione00unse
_y(Internet Archive)
942 _2udc
999 _c76978
_d76978